00348 a2200109 4500001001000000005001700010008004100027245003800068100002000106700002100126773009100147ART_1503720260410161615.0260409a 10aEl santo grial de la innovación1 aPrahalad, C. K.1 aMashelkar, R. A.0 tHarvard Business ReviewgLa organización eficaz - Vol. 88, Nº 6 (jul. 2010)wREV340